MARC

LEADER 00000nam0a2200000 4500
001 98994
005 20231031111516.0
035 |a (RuTPU)RU\TPU\book\106157 
090 |a 98994 
100 |a 20060626d1966 km y0rusy50 ca 
101 0 |a rus 
102 |a RU 
105 |a a g 000zy 
200 1 |a Бурение скважин на воду  |e краткий справочник  |f А. В. Малоян, В. И. Плохов 
210 |a Москва  |c Недра  |d 1966 
215 |a 302 с.  |c ил. 
610 1 |a скважины 
610 1 |a бурение на воду 
610 1 |a справочники 
610 1 |a геология 
610 1 |a гидрогеология 
610 1 |a роторное бурение 
610 1 |a буровые станки 
610 1 |a приводы 
610 1 |a инструменты 
610 1 |a обсадные трубы 
610 1 |a промывка 
610 1 |a крепление 
610 1 |a ловильный инструмент 
610 1 |a фильтры 
610 1 |a погружные насосы 
610 1 |a ударно-канатное бурение 
610 1 |a документация 
675 |a 628.112(035)  |v 3 
700 1 |a Малоян  |b А. В.  |g Арменак Владимирович 
701 1 |a Плохов  |b В. И.  |g Владимир Иванович 
801 1 |a RU  |b 63413507  |c 20060626  |g PSBO 
801 2 |a RU  |b 63413507  |c 20070322  |g PSBO 
942 |c BK